Sto let československé měny

Rok 2019 - rok 100. výročia zavedenia československej meny a československej koruny ako menovej jednotky samostatného československého štátu. Menová reforma a odluka československej meny od rakúsko-uhorskej meny v r. 1919. Okolkovanie rakúsko-uhorských bankoviek. Výtvarný podiel svetoznámeho maliara...

Descrizione completa

Salvato in:
Dettagli Bibliografici
Autore principale: Moravec, Jaroslav
Natura: Capitolo di libro
Lingua:ceco
Soggetti:
Tags: Aggiungi Tag
Nessun Tag, puoi essere il primo ad aggiungerne!!

MARC

LEADER 00000naa a2200000 4500
001 0258857
005 20191010092541.7
041 0 |a cze 
044 |a CZ 
245 1 0 |a Sto let československé měny  |c Jaroslav Moravec 
520 |a Rok 2019 - rok 100. výročia zavedenia československej meny a československej koruny ako menovej jednotky samostatného československého štátu. Menová reforma a odluka československej meny od rakúsko-uhorskej meny v r. 1919. Okolkovanie rakúsko-uhorských bankoviek. Výtvarný podiel svetoznámeho maliara Alfonsa Muchu na štátovkách 1. emisie. Predšasné stiahnutie štátoviek 1. emisie z kolobehu z dôvodov možného falšovania a zhoršenej politickej situácie. Nahradenie štátovkami 2. emisie od r. 1921. Česká koruna používaná dodnes. 
610 2 0 |a peniaze 
610 2 0 |a mena 
610 2 0 |a bankovky 
610 2 0 |a mince 
610 2 0 |a štát 
610 2 0 |a história 
610 2 0 |a Československo 
100 1 |a Moravec, Jaroslav